Harry Potter: Characters enigma - Statistics

General Stats
  • This quiz has been taken 204 times
  • The average score is 21 of 26
Answer Stats
Letter Hint Character % Correct
A A is both an animal and a horcrux Nagini
100%
U U goes to the 4th year ball with K Ginny Weasley
88%
G G is married to U Harry Potter
88%
K K kills A Neville Longbottom
88%
M M is married to Y Ron Weasley
88%
Y Y is G's best female friend Hermione Granger
87%
R R is killed by O Bellatrix Lestrange
85%
I I is married to T James Potter
85%
T T is G's mother Lily Potter
85%
O O is U's mother Molly Weasley
85%
W W pretends to be M's pet for 12 years Peter Pettigrew
85%
V V is in love with T Severus Snape
85%
C C is killed by V Albus Dumbledore
84%
P P disarms C Draco Malfoy
84%
Q Q goes to the 4th year ball with Y Viktor Krum
83%
Z Z is killed by G Voldemort
83%
S S is P's father Lucius Malfoy
82%
L L puts G's name in the Goblet of fire Barty Crouch Jr.
80%
B B is killed by W Cedric Diggory
80%
J J is T's nephew Dudley Dursley
78%
H H is L's father Barty Crouch Sr.
77%
E E is S's wife Narcissa Malfoy
76%
D D is killed by R Sirius Black
76%
F F is kidnapped by L in 4th year Alastor Moody
75%
N N is C's brother Aberforth Dumbledore
70%
X X is B's father Amos Diggory
67%
No matching quizzes found
Score Distribution
Percent of People with Each Score
Percentile by Number Answered
Your Score History
You have not taken this quiz